000 00318 a2200157 4500
001 192680
020 _a0-7358-2013-9
040 _cMagnum
100 _aGrimm, Wilhelm
240 1 0 _aRapunzel
_lING
245 1 0 _aRapunzel
300 _a24
362 0 _a2005
697 _aLITERATURA INFANTIL INGLESA
942 _cBK
999 _c192680
_d192680